A procedure for testing the signalling hypothesis (Registro nro. 25871)

Detalles MARC
000 -LEADER
fixed length control field 00344 a2200109 4500
001 - CONTROL NUMBER
control field ART_11825
005 - DATE AND TIME OF LATEST TRANSACTION
control field 20260410161900.0
008 - FIXED-LENGTH DATA ELEMENTS--GENERAL INFORMATION
fixed length control field 260409a
100 1# - MAIN ENTRY--PERSONAL NAME
Personal name Albrecht, James W.
245 10 - TITLE STATEMENT
Title A procedure for testing the signalling hypothesis
773 0# - HOST ITEM ENTRY
Title Journal of public economics
Related parts - Vol. 15, Nº 1 (feb. 1981)
Record control number REV11485

No hay ítems disponibles.